00811nam a2200193 i 4500001000700000003000900007005001700016007000300033008004100036245017900077260003300256300002700289700004100316700004400357710004300401852003200444999001900476952012200495103868ES-MaACL20230906183448.0t|051118s1969 sp ||||1| spa d00aMétodos de análisis de vitaminas / cpreparado... por la Asociación de Químicos de Vitaminas; [traducción... Mª Soledad G. Chamorro y Claudio Fernández Heredia]. aLeón : bAcademia, c1969. aXIX, 396 p. ; c23 cm.1 aChamarro, María Soledad, G.9378420 aFernández de Heredia, Claudio.9496642 aAssociation of Vitamin Chemists.91830 aES-MaACLjC-41092 bR.80265 c103868d103868 00104070aATENEOMbATENEOMcDEPO2d2008-01-17eSCl0oC-41092p1108443r2023-02-23 00:00:00w2023-02-23yMONOGRAFIA